000 00697nam a22002537a 4500
001 BR7304200
003 BR-BrBNA
005 20230928084020.0
007 ta
008 230509b bl.||||| |||| 00| 0 por d
040 _aBR-BrBNA
_bpor
_cBiblioteca Nacional de Agricultura
041 _a(Por)
072 _aQ10; E10; E70
_b/G514
090 _ Q10 BR7304200
110 1 _aComissao Executiva do Sal, Rio de Janeiro, RJ (Brasil)
_92152
245 1 _aA perspectiva do sal para 1976 [Brasil]
260 3 _aRio de Janeiro, RJ (Brasil):
_c1976.
300 _a28 p.
500 _a16 tables
650 _aCOMERCIALIZACAO
650 _aSAL
909 _a202309
_bLucia
_c55
_dLucia Elande
942 _cBK
999 _c16334
_d16334